FLICKING YOUR CRIEATIVE SWITCH DEVELOPIN (Record no. 2152)

MARC details
000 -LEADER
fixed length control field 00345nam a2200133Ia 4500
008 - FIXED-LENGTH DATA ELEMENTS--GENERAL INFORMATION
fixed length control field 240624s9999 xx 000 0 und d
041 ## - LANGUAGE CODE
Language code of text/sound track or separate title eng
082 ## - DEWEY DECIMAL CLASSIFICATION NUMBER
Classification number 658.314 LOT
100 ## - MAIN ENTRY--PERSONAL NAME
Personal name LOTHERINGTON WAYNE
245 ## - TITLE STATEMENT
Title FLICKING YOUR CRIEATIVE SWITCH DEVELOPIN
260 ## - PUBLICATION, DISTRIBUTION, ETC.
Date of publication, distribution, etc. 2003
Place of publication, distribution, etc. Singapore
Name of publisher, distributor, etc. John Wiley
300 ## - PHYSICAL DESCRIPTION
Extent 161 : p. : cm. ; 22
365 ## - TRADE PRICE
Currency code RS
Holdings
Withdrawn status Lost status Damaged status Not for loan Home library Current library Shelving location Date acquired Source of acquisition Cost, normal purchase price Total Checkouts Full call number Barcode Date last seen Date last checked out Copy number Price effective from Koha item type
        IMTN IMTN Rack 27-A 03/27/2005 AP 295.00 1 658.314 LOT 2152 01/17/2025 01/02/2025 1 06/24/2024 Books
Designed & Maintained by: LRC IMT Nagpur Contact: lrc@imtnag.ac.in© 2024. All Rights Reserved.